00432nam a2200109Ia 4500008004100000050002200041100003100063245011000094260008600204300002000290521001200310140724s9999 xx 000 0 und d aRT 71b.C284 2008 aCarlos, Christopher Zam D. 2aA study on patient-client name and title preference in the hospital setting /cChristopher Zam D. Carlos. aLas Piñas, Philippines :bSouthville International School and Colleges,cc2008. a85 p. :c28 cm. aNursing